Ballon d'Or 1990 - Statistiken

Allgemein
  • Dieses Quiz wurde 48 mal gespielt
  • Das Durchschnittsergebnis liegt bei 8 aus 23
Antwortstatistiken
Platz Spieler Verein/e Nation Punkte % Korrekt
1. Lothar Matthäus Inter Mailand Deutschland 137
98%
6. Jürgen Klinsmann Inter Mailand Deutschland 12
79%
3. Andreas Brehme Inter Mailand Deutschland 68
76%
5. Franco Baresi AC Mailand Italien 37
67%
9. Frank Rijkaard AC Mailand Niederlande 7
55%
8. Roberto Baggio AC Florenz/Juventus Turin Italien 8
55%
10. Guido Buchwald VfB Stuttgart Deutschland 6
52%
18. Rudi Völler AS Rom Deutschland 1
52%
18. Gary Lineker Tottenham Hotspur England 1
43%
11. Jean-Pierre Papin Olympique Marseille Frankreich 3
43%
18. Michael Laudrup FC Barcelona Dänemark 1
40%
2. Salvatore Schillaci Juventus Turin Italien 84
26%
4. Paul Gascoigne Tottenham Hotspur England 43
21%
18. Chris Waddle Olympique Marseille England 1
14%
12. Dragan Stojkovic Roter Stern Belgrad/Olympique Marseille Jugoslawien 2
14%
12. Walter Zenga Inter Mailand Italien 2
14%
18. David Platt Aston Villa England 1
10%
18. John Barnes FC Liverpool England 1
10%
12. Robert Prosinecki Roter Stern Belgrad Jugoslawien 2
7%
12. Paul McGrath Aston Villa Irland 2
5%
12. Des Walker Nottingham Forest England 2
2%
6. Enzo Scifo AJ Auxerre Frankreich 12
2%
12. Rafael Martín Vázquez Real Madrid/FC Turin Spanien 2
0%
Keine übereinstimmenden Quizze gefunden
Verteilung der Resultate
Anzahl Personen mit jedem Resultat
Perzentil nach korrekt beantworteten Fragen
Ihre Resultats-Entwicklung
Sie haben dieses Quiz noch nicht gespielt